Les Champs Elysées - Statistiques

Statistiques générales
  • Ce quiz a été pris 12 fois
  • Le résultat moyen est 6 sur 15
Statistiques - réponses
Question Réponse % Correct
Quels est l'équivalence des Champs Elysées dans les religions actuelles ? Le Paradis
91%
Qui accèdent aux Champs Elysées ? les Héros et les âmes vertueuses
73%
10 9
55%
Quelles vision est donné du l'extrait ? Mélioratif
55%
Quels est l'auteur se l'extrait ? Virgile
55%
5 4
36%
l m
36%
Qui sont les garants des Champs Elysées ? Pluton et Proserpine
36%
a b
27%
f g
27%
Où se situent les Champs Elysées actuels ? Paris et Rome
27%
Quelles frontières séparent les Champs Elysées de la sortie des Enfers ? La porte de Corne et du sommeil
18%
Quelles rivières prennent sources dans les Champs Elysées ? L'Eridan et Léthé
9%
Ou se situent les Champs Elysées étudiés ? Près des murs de cyclopéens
9%
A quoi ressemblent les Champs Elysées de la peinture de A.Bowen Davies ? Une plaine
9%
Aucun quiz correspondant
Distribution des résultats
% des personnes avec chaque résultat
Percentile par nombre de réponses
Votre historique - résultats
Vous n’avez pas pris ce quiz